000 00563nam a2200241Ia 4500
003 OSt
005 20221007101649.0
006 a|||||r|||| 00| 0
007 ta
008 221006b |||||||| |||| 00| 0 eng d
024 _a7,051
037 _cTextual
040 _aLCO
_cLCO
_beng
041 _2eng
_aeng
082 _aZm2,N20, F0
245 0 _aALL INDIA REPORTER, 1920, Bombay
260 _aNagpur
_bAIR
_c1920
300 _a450
490 _v7
650 _aAIR
942 _hZm2,N20, F0
_cTEXL
999 _c1176614
_d1176614